| 000 | 00580nam a2200217Ia 4500 | ||
|---|---|---|---|
| 003 | BUBTL | ||
| 008 | 151213s9999 xx 000 0 und d | ||
| 020 | _a0-07-099011-5 | ||
| 082 |
_a514.322 _bLIG |
||
| 100 | _aSeymour /Lipschutz | ||
| 245 |
_aGeneral Topology _cSeymour /Lipschutz |
||
| 260 |
_aSingapore _bMc Graw Hill _c1981 |
||
| 300 |
_a239p . : _bill , 22cm . |
||
| 500 | _aIncludes Index . | ||
| 650 | _aMathematics | ||
| 650 | _aMathematics | ||
| 700 | _aSeymour /Lipschutz | ||
| 856 |
_k0 _l0 _yDownload |
||
| 942 |
_2ddc _cBK |
||
| 999 |
_c3732 _d3732 |
||